000 00842nam a22002777a 4500
001 BR7806804
003 BR-BrBNA
005 20230928085755.0
007 ta
008 230509b bl.||||| |||| 00| 0 por d
040 _aBR-BrBNA
_bpor
_cBiblioteca Nacional de Agricultura
041 _a(Por)
072 _aQ10; C00
_b/G514
090 _ Q10 BR7806804
110 1 _aCompanhia Paranaense de Silos e Armazens, Curitiba (Brasil)
_92485
245 1 _aCurso especial de armazenagem [Parana, Brasil]
260 3 _aCuritiba, PR (Brasil):
_c1978.
300 _a8 p.
500 _a(*) Documento disponível no(a) Companhia Paranaense de Silos e Armazens, Curitiba (Brazil). Biblioteca
650 _aARMAZENAMENTO
650 _aCURSO
650 _aTREINAMENTO
650 _aPARANA
909 _a202309
_bLucia
_c55
_dLucia Elande
942 _cBK
999 _c26260
_d26260